Basis of disaster management ( Pre-During post) (Record no. 517177)

000 -LEADER
fixed length control field 00357nam a2200121 4500
082 ## - DEWEY DECIMAL CLASSIFICATION NUMBER
Classification number TNC Q39 Sh39/c.2
100 ## - MAIN ENTRY--PERSONAL NAME
Personal name Shreevastav, K.N.P. Sawshilya, Archana.
9 (RLIN) 24597
245 ## - TITLE STATEMENT
Title Basis of disaster management ( Pre-During post)
260 ## - PUBLICATION, DISTRIBUTION, ETC. (IMPRINT)
Place of publication, distribution, etc New Delhi
Name of publisher, distributor, etc Satyam
Date of publication, distribution, etc 2006
300 ## - PHYSICAL DESCRIPTION
Extent 468p
650 ## - SUBJECT ADDED ENTRY--TOPICAL TERM
Topical term or geographic name as entry element Disaster management
9 (RLIN) 24598
650 ## - SUBJECT ADDED ENTRY--TOPICAL TERM
Topical term or geographic name as entry element Disaster
9 (RLIN) 24599
Holdings
Withdrawn status Lost status Source of classification or shelving scheme Damaged status Koha normalized classification for sorting Not for loan Permanent location Current location Date acquired Full call number Barcode Date last seen Price effective from Koha item type
        TNC_Q39_SH39_C_2_000000000000000   Indian Institute of Public Administration Indian Institute of Public Administration 2021-07-05 TNC Q39 Sh39/c.2 GR22639 2021-07-05 2021-07-05 GR

Powered by Koha